Normal view
MARC view
- SHEA, T. E
Entry Personal Name
001 - CONTROL NUMBER
- control field: 72910
003 - CONTROL NUMBER IDENTIFIER
- control field: NUST
005 - DATE AND TIME OF LATEST TRANSACTION
- control field: 20210628204936.0
008 - FIXED-LENGTH DATA ELEMENTS
- fixed length control field: 210628|| aca||aabn | a|a d
040 ## - CATALOGING SOURCE
- Original cataloging agency: NUST
- Transcribing agency: NUST
100 ## - HEADING--PERSONAL NAME
- Personal name: SHEA, T. E
670 ## - SOURCE DATA FOUND
- Source citation: Work cat.: (NUST): SHEA, T. E, TRANSMISSIO NETWORKS AND WAVE FILTERS, 1929
